01006nam a2200265 i 4500001001000000003000900010005001700019007000300036008004100039040003000080041000800110082002700118100006200145245008500207250002100292264007900313300005400392336002700446337003300473338002800506500006400534504004000598651003700638651006500675000039597DO-SdBNP20250606125417.0ta130709s1996 dr ac r 000 0 spa d aDO-SdBNPbspacBNPHUerda aspa 4a972.93bM385m 19962221 aMartínez Almanzar, Juan Francisco,d1950 -eautor4aut.10aManual de historia crítica dominicana /cJuan Francisco Martínez Almánzar. aOctava edición 1aSanto Domingo :bCentro de Adiestramiento e Investigación Social,c1996. a584 páginas :bilustraciones, retratos;c21 cm. atextobtxt2rdacontent asin mediaciónbn2rdamedia avolumenbnc2rdacarrier aIncluye datos biográficos del autor en la contracubierta. aBibliografía : páginas 577-584. 4aRepública DominicanaxHistoria 4aIsla Española (Haití y República Dominicana)xHistoria